Demosthenis orationes
Αποθηκεύτηκε σε:
| Κύριος συγγραφέας: | |
|---|---|
| Μορφή: | Βιβλίο |
| Γλώσσα: | Ancient Greek Latin |
| Δημοσίευση: |
Lipsiae :
Sumptibus et Typis B. G. Teubneri,
1807.
|
| Θέματα: | |
| Ετικέτες: |
Προσθήκη ετικέτας
Δεν υπάρχουν, Καταχωρήστε ετικέτα πρώτοι!
|
MARC
| LEADER | 00000cam a2200000 i 4500 | ||
|---|---|---|---|
| 001 | 1/64825 | ||
| 008 | 150122m1807 gw | ||| |||| ||grc|| | ||
| 035 | |l 10120663 | ||
| 040 | |a GR-MyUA |b gre |e AACR2 | ||
| 041 | 0 | |a grc |a lat | |
| 082 | 0 | |a 885.3 |2 (23) | |
| 100 | 0 | |a Δημοσθένης, |d 384-322. | |
| 245 | 1 | 0 | |a Demosthenis orationes / |c ex recensione Guiliemi Dindorfii. |
| 260 | |a Lipsiae : |b Sumptibus et Typis B. G. Teubneri, |c 1807. | ||
| 300 | |a 3 τ. ; |c 18 εκ. | ||
| 500 | |a Στη σ. τ. όλων των τόμων σφραγίδα. Στο recto του τ.1 αντίτυπο 1 υπάρχει αρ. 619. Στο recto του τ.1. αντίτυπο 2 και τ.3. αντίτυπο 2 υπάρχει ιδιόχειρη αφιέρωση "Τη Ελληνική Πορφυριάδι τών Καρλοβασίων Σχολή. Δωρεά Κυριάκου Νικολαϊδου εμπόρου Σαμίου. Ο Σχολάρχης Μιλτιάδης Βραδυανός. Τη 1η Απριλίου 1960 με αρ. 658. Στο recto του τ.2 σφραγίδα "Πορφυριάς Αστική Σχολή Καρλοβασίων" με αρ. 939 καθώς και ιδιόχειρη αφιέρωση "Τη Ελληνική Πορφυριάδι τών Καρλοβασίων Σχολή" & "Δωρεά Κυριάκου Νικολαϊδη εμπόρου Σαμίου ο σχολάρχης Μ. Βρατσάνος". Στο recto του τ.3. αντίτυπο 2 υπάρχει σφραγίδα "Πορφυριάς Αστική Σχολή Καρλοβασίων" με αρ. 654. | ||
| 505 | 0 | |a Vol. I. Orationes I-XIX.Vol. II. Orationes XX-XL.Vol. III. Orationes XLI-LXI. Prooemia, Epistolae, Index Historicus. | |
| 600 | 0 | 7 | |2 nlgaf |a Δημοσθένης, |d 384-322. |
| 650 | 0 | 0 | |a Oratory, Ancient. |
| 650 | 0 | 0 | |a Rhetoric, Ancient. |
| 700 | 1 | |a Dindorf, Wilhelm, |d 1802-1883, |e pbl | |
| 740 | 0 | 2 | |a Orationes I-XIX |
| 740 | 0 | 2 | |a Orationes XLI-LXI. Prooemia, Epistolae, Index Historicus |
| 740 | 0 | 2 | |a Orationes XX-XL |
| 852 | |a INST |b SAMOS |c PORFYRIADA |e 20150122 |h 885.3 ΔΗΜ |p 005300041347 |q 005300041347 |t NOLOAN |v τομ.1: |y 23 |z τ.1 | ||
| 852 | |a INST |b SAMOS |c PORFYRIADA |e 20150122 |h 885.3 ΔΗΜ |p 005300041348 |q 005300041348 |t NOLOAN |v τομ.3: |y 23 |z τ.3 | ||
| 852 | |a INST |b SAMOS |c PORFYRIADA |e 20150122 |h 885.3 ΔΗΜ |p 005300041349 |q 005300041349 |t NOLOAN |v τομ.1: |y 23 |z τ.1 | ||
| 852 | |a INST |b SAMOS |c PORFYRIADA |e 20150122 |h 885.3 ΔΗΜ |p 005300041350 |q 005300041350 |t NOLOAN |v τομ.3: |y 23 |z τ.3 | ||
| 852 | |a INST |b SAMOS |c PORFYRIADA |e 20150224 |h 885.3 ΔΗΜ |p 005300041792 |q 005300041792 |t NOLOAN |v τομ.2: |y 23 |z τ.2 | ||
| 901 | |a BIBL3-2015-1 | ||
| 909 | |a Σ |b 185922 | ||
| 909 | |a Σ |b 185923 | ||
| 909 | |a Σ |b 185924 | ||
| 909 | |a Σ |b 185925 | ||
| 909 | |a Σ |b 191858 | ||
| 970 | |a ΣΙΤΖΙΜΗ |b ΓΙΑΣΕΜΗ |z 2015/01/22 | ||